000 00530nam a2200169Ia 4500
999 _c21293
_d21293
003 OSt
005 20200609112502.0
008 190216s9999||||xx |||||||||||||| ||und||
020 _a9780141029726
040 _coclc
082 _a327.73056
_bCHO/P
100 _aChomsky, Noam
_91778
245 0 _aPerilous Power The Middle East And Us Foreign Policy /
_cNoam Chomsky ; Gilbert Achcar
260 _bPenguin Books,
_aLondon:
_c2007.
300 _a275p
942 _cBK
_2ddc
_h327.73056
_iCHO/P
_k327.73056
_mCHO/P